Quiz o Chucku Norrisie - Statystyki

Ogólne statystyki
  • Ten quiz został rozwiązany 55 razy
  • Średni wynik to 5 z 12
Statystyki odpowiedzi
Wskazówka Odpowiedź % Poprawnych
Rok, w którym zmarł. 2026
98%
Przyjaźnił się i trenował razem z tym hongkońskim aktorem. Bruce Lee
77%
Zdobył 6 razy mistrzostwo świata w tej sztuce walki (w wadze średniej). karate
73%
Według memów policzył do tej liczby dwa razy. Nieskończoność
69%
Chuck słynął z tego, że kopał z _______. półobrotu
69%
Zaczął zajmować się sztukami walki jako żołnierz stacjonujący w tym kraju. Korea Południowa
38%
Wystąpił w reklamie tego banku działającego w Polsce. Bank Zachodni WBK
19%
Stan USA, w którym się urodził. Oklahoma
17%
Jego prawdziwe imię. Carlos
15%
Jego współmałżonka od 1998 roku. Gena O’Kelley
4%
Styl walki, który wymyślił w oparciu o style, które trenował. Nazywany także systemem Chucka Norrisa. Chun Kuk Do
2%
Film sensacyjny z 2005 r, w którym zagrał Cordella Walkera. Strażnicy Teksasu: Próba ognia
2%
Nie znaleziono quizów pasujących do podanych kryteriów
Rozkład punktacji
Procent ludzi z każdym wynikiem
Percentyl według liczby udzielonych odpowiedzi
Twoja historia wyników
Nie rozwiązałeś tego quizu